{"text_format":"3","workbook":"xlsx","n_sheets":10,"sheets":["7 юноши","8 юноши","9 юноши","10 юноши","11 юноши","7 девушки","8 девушки","9 девушки","10 девушки","11 девушки"],"not_rendered":{"defined_names":10},"read":"whole","date_system":"1900"}

{"sheet":"7 юноши","index":0,"n_rows":27,"n_cols":14,"rows_kept":27,"merged":[[0,0,0,13]]}
["Протокол по итогам муниципального этапа ВсОШ по предмету \"ФИЗИЧЕСКАЯ КУЛЬТУРА\" \nНижнекамского муниципального района в 2023-2024 учебном году"]
[]
["№","Фамилия","Имя","Отчество","Пол","Класс","Класс участия","Первичный балл","Добавлено по итогам апелляции","Итоговый балл","Макс. балл","Статус","Призер РЭ прошлого года","Учитель"]
[1,"Гилазов","Гумер","Ильназович","м",7,7,83.19,null,null,100,null,"нет","Лобашев Алексей Геннадьевич"]
[2,"Котов","Денис","Алексеевич","м",7,7,83.13,null,null,100,null,"нет","Садриев Булат Ринатович"]
[3,"Марданов","Рамзан","Альбертович","м",7,7,82.69,null,null,100,null,"нет","Минеева Н.Г."]
[4,"Фахрутдинов","Глеб","Ильшатович","м",7,7,80.78,null,null,100,null,"нет","Лобашев Алексей Геннадьевич"]
[5,"Галиуллин","Самат","Ильнарович","м",6,7,80.5,null,null,100,null,"нет","Гаврилова Е.П"]
[6,"Аминов","Руслан","Фанисович","м",7,7,75.99,null,null,100,null,"нет","Лобашев Алексей Геннадьевич"]
[7,"Бендюков","Савелий","Алексеевич","м",7,7,71.46,null,null,100,null,"нет","Петров Ринат Викторович"]
[8,"Мингазов","Айнур","Маратович","м",7,7,70.91,null,null,100,null,"нет","Петров Евгений Николаевич"]
[9,"Маклаков","Всеволод","Владимирович","м",7,7,70.16,null,null,100,null,"нет","Шубников Юрий Владимирович"]
[10,"Гафиятов","Дамир","Ильдусович","м",7,7,69.42,null,null,100,null,"нет","Гильмутдинова Венера Миннигатовна"]
[11,"Мунтяну","Роберт","Артурович","м",7,7,69.31,null,null,100,null,"нет","Петров Евгений Николаевич"]
[12,"Морозов","Артем","Игоревич","м",7,7,68.98,null,null,100,null,"нет","Титова Ирина Ивановна"]
[13,"Лаптев","Данил","Александрович","м",7,7,61.4,null,null,100,null,"нет","Бабанкеев Роман Фаридович"]
[14,"Алиев","Артем","Максимович","м",7,7,61.18,null,null,100,null,"нет","Крайнова Анастасия Алексеевна"]
[15,"Нурахметов","Азат","Русланович","м",7,7,58.53,null,null,100,null,"нет","Фомина Вера Ивановна"]
[16,"Искаков","Амир","Русланович","м",6,7,58.3,null,null,100,null,"нет","Садриев Булат Ринатович"]
[17,"Мусин","Амирхан","Рустемович","м",7,7,57.59,null,null,100,null,"нет","Петров Ринат Викторович"]
[18,"Степанов","Тимур","Александрович","м",7,7,57.54,null,null,100,null,"нет","Харисов Р.Ф"]
[19,"Зеленков","Герман","Юрьевич","м",6,7,54.63,null,null,100,null,"нет","Зиннатов Р.М."]
[20,"Вайшля","Данил","Сергеевич","м",6,7,54,null,null,100,null,"нет","Зарипова А.И"]
[21,"Наумов","Вадим","Дмитриевич","м",7,7,52.93,null,null,100,null,"нет","Гайнуллина Светлана Рамилевна"]
[22,"Гришин","Матвей","Викторович","м",7,7,52.22,null,null,100,null,"нет","Гайнуллина Светлана Рамилевна"]
[23,"Тюриков","Евгений","Павлович","м",7,7,50.31,null,null,100,null,"нет","Цаганова В.М."]
[24,"Хайруллин","Султан","Вадимович","м",5,7,5.26,null,null,100,null,"нет","Бекжанов Расул Тажиевич"]

{"sheet":"8 юноши","index":1,"n_rows":30,"n_cols":14,"rows_kept":30,"merged":[[0,0,0,13]]}
["Протокол по итогам муниципального этапа ВсОШ по предмету \"ФИЗИЧЕСКАЯ КУЛЬТУРА\" \nНижнекамского муниципального района в 2023-2024 учебном году"]
[]
["№","Фамилия","Имя","Отчество","Пол","Класс","Класс участия","Первичный балл","Добавлено по итогам апелляции","Итоговый балл","Макс. балл","Статус","Призер РЭ прошлого года","Учитель"]
[1,"Габдуллин","Самир","Айратович","м",8,8,91.09,null,null,100,null,"да","Булатов Ильдар Фаритович"]
[2,"Ногуманов","Данис","Дамирович","м",8,8,89.43,null,null,100,null,"нет","Булатов Ильдар Фаритович"]
[3,"Каримов","Ильгизар","Рамилевич","м",8,8,84.97,null,null,100,null,"нет","Полячихина Ольга Викторовна"]
[4,"Ахмадеев","Айназ","Рамилевич ","м",8,8,84.49,null,null,100,null,"да","Махъянова Гульнара Гильмулловна"]
[5,"Курбанов","Данис","Дамирович","м",8,8,80.73,null,null,100,null,"нет","Махъянова Гульнара Гильмулловна"]
[6,"Мухамадиев","Ильяс","Русланович","м",8,8,80.46,null,null,100,null,"нет","Булатов Ильдар Фаритович"]
[7,"Уленгов","Кирилл","Брониславович","м",8,8,80.08,null,null,100,null,"нет","Бурмистрова Юлия Михайловна"]
[8,"Низамиев","Амир","Альбертович","м",8,8,79.18,null,null,100,null,"нет","Махъянова Гульнара Гильмулловна"]
[9,"Сергеев","Илья","Сергеевич","м",8,8,77.67,null,null,100,null,"нет","Гайнуллина Светлана Рамилевна"]
[10,"Соколиков","Матвей","Евгеньевич","м",8,8,76.11,null,null,100,null,"нет","Садреева Лилия Мунировна"]
[11,"Гайнутдинов","Артур","Равилевич","м",8,8,75.83,null,null,100,null,"нет","Садреева Лилия Мунировна"]
[12,"Миннигалиев","Раиль","Рамилевич","м",8,8,73.29,null,null,100,null,"нет","Махъянова Гульнара Гильмулловна"]
[13,"Ахметзянов","Ильгиз","Рустемович","м",8,8,73.05,null,null,100,null,"нет","Бекжанов Расул Тажиевич"]
[14,"Липин","Валерий","Юрьевич","м",8,8,71.97,null,null,100,null,"нет","Хасаншин Ильдар Фанисович"]
[15,"Гирфанов","Тимур","Ильдарович","м",8,8,69.56,null,null,100,null,"нет","Махъянова Гульнара Гильмулловна"]
[16,"Сагиров","Матвей","Артурович","м",8,8,68.2,null,null,100,null,"нет","Васильева Оксана Владимировна"]
[17,"Шестаков","Дмитрий","Александрович","м",8,8,68.05,null,null,100,null,"нет","Крайнова Анастасия Алексеевна"]
[18,"Донской","Дмитрий","Максимович","м",8,8,67.84,null,null,100,null,"нет","Нуретдинов Артур Ильдарович"]
[19,"Кузьмин","Данил","Васильевич","м",8,8,66.85,null,null,100,null,"нет","Мифтахова Нурия Муллануровна"]
[20,"Трофимов","Никита","Сергеевич","м",8,8,62.63,null,null,100,null,"нет","Габдрахманова Ирина Афанасьевна"]
[21,"Сафиуллин","Радик","Рамилевич","м",8,8,62.57,null,null,100,null,"нет","Габдрахманова Ирина Афанасьевна"]
[22,"Сорокин","Илья","Вячеславович","м",8,8,53.55,null,null,100,null,"нет","Мухаметшина Резеда Минабовна"]
[23,"Файдров","Нурислам","Радикович","м",8,8,47.17,null,null,100,null,"нет","Завалина Татьяна Ивановна"]
[24,"Марков","Никита","Романович","м",8,8,47.05,null,null,100,null,"нет","Дубинкин Владислав витальевич"]
[25,"Билалов","Амир","Рустамович","м",8,8,43.34,null,null,100,null,"нет","Кузнецова К.М."]
[26,"Скрипченков","Никита","Федорович","м",8,8,38.94,null,null,100,null,"нет","Кузнецова К.М."]
[27,"Загиров","Илхам","Раушанович","м",8,8,7.63,null,null,100,null,"нет","Совкова А.В."]

{"sheet":"9 юноши","index":2,"n_rows":23,"n_cols":14,"rows_kept":23,"merged":[[0,0,0,13]]}
["Протокол по итогам муниципального этапа ВсОШ по предмету \"ФИЗИЧЕСКАЯ КУЛЬТУРА\" \nНижнекамского муниципального района в 2023-2024 учебном году"]
[]
["№","Фамилия","Имя","Отчество","Пол","Класс","Класс участия","Первичный балл","Добавлено по итогам апелляции","Итоговый балл","Макс. балл","Статус","Призер РЭ прошлого года","Учитель"]
[1,"Камаев","Владислав","Сергеевич","м",9,9,96.42,null,null,100,null,"нет","Полячихина Ольга Викторовна"]
[2,"Булатов","Амин","Ильдарович","м",8,9,94.79,null,null,100,null,"нет","Булатов Ильдар Фаритович"]
[3,"Хузин","Амир","Ильнарович","м",9,9,86.04,null,null,100,null,"нет","Кадыров Айдар Ильдарович"]
[4,"Закирзянов","Самир","Радикович","м",9,9,80.34,null,null,100,null,"нет","Гайнуллина Светлана Рамилевна"]
[5,"Марданов","Раиль","Альбертович","м",9,9,79.93,null,null,100,null,"нет","Минеева Н.Г."]
[6,"Зямилов","Тимур","Маратович","м",9,9,77.06,null,null,100,null,"нет","Минеева Н.Г."]
[7,"Хасанов","Камиль","Ильфатович","м",9,9,75.42,null,null,100,null,"нет","Крайнова Анастасия Алексеевна"]
[8,"Тиллоев","Хушруз","Хушбахтович","м",9,9,73.9,null,null,100,null,"нет","Крайнова Анастасия Алексеевна"]
[9,"Хохлов","Алексей","Константинович","м",9,9,71.99,null,null,100,null,"нет","Соколов Вячеслав Владимирович"]
[10,"Ахметшин","Кирам","Рафаэлевич","м",9,9,64,null,null,100,null,"нет","Сахапов Ильшат Василевич"]
[11,"Михейчев","Даниил","Юрьевия","м",9,9,63.48,null,null,100,null,"нет","Марданшин Ильнур Мулланурович"]
[12,"Камалов","Расул","Ильсурович","м",9,9,62.11,null,null,100,null,"нет","Бурмистрова Юлия Михайловна"]
[13,"Яньков","Арсений","Александрович","м",9,9,57.76,null,null,100,null,"нет","Мифтахова Нурия Муллануровна"]
[14,"Наумов","Николай","Николаевич","м",9,9,56.94,null,null,100,null,"нет","Завалина Татьяна Ивановна"]
[15,"Ульшин","Богдан","Сергеевич","м",9,9,55.67,null,null,100,null,"нет","Крайнова Анастасия Алексеевна"]
[16,"Кувшинов","Роман","Дмитриевич","м",9,9,55.16,null,null,100,null,"нет","Кузнецова К.М."]
[17,"Кузнецов","Илья","Дмитриевич","м",9,9,54.62,null,null,100,null,"нет","Минеева Н.Г."]
[18,"Мачурин","Никита","Павлович","м",9,9,49.33,null,null,100,null,"нет","Завалина Татьяна Ивановна"]
[19,"Зеленский","Данила","Сергеевич","м",9,9,42.31,null,null,100,null,"нет","Кузнецова К.М."]
[20,"Гайнутдинов","Руслан","Радикович","м",9,9,8.07,null,null,100,null,"нет","Салахова Айгуль Рифгатовна"]

{"sheet":"10 юноши","index":3,"n_rows":27,"n_cols":14,"rows_kept":27,"merged":[[0,0,0,13]]}
["Протокол по итогам муниципального этапа ВсОШ по предмету \"ФИЗИЧЕСКАЯ КУЛЬТУРА\" \nНижнекамского муниципального района в 2023-2024 учебном году"]
[]
["№","Фамилия","Имя","Отчество","Пол","Класс","Класс участия","Первичный балл","Добавлено по итогам апелляции","Итоговый балл","Макс. балл","Статус","Призер РЭ прошлого года","Учитель"]
[1,"Гамируллин","Эльмар","Робертович","м",10,10,99.49,null,null,100,null,"да","Махъянова Гульнара Гильмулловна"]
[2,"Газетдинов","Гадель","Робертович","м",10,10,95.07,null,null,100,null,"да","Махъянова Гульнара Гильмулловна"]
[3,"Гатауллин","Данис","Рамилевич","м",10,10,94.73,null,null,100,null,"нет","Булатов Ильдар Фаритович"]
[4,"Махмутов","Нафис","Ильясович","м",10,10,93.08,null,null,100,null,"да","Булатов Ильдар Фаритович"]
[5,"Чадаев","Роман","Владимирович","м",10,10,85.89,null,null,100,null,"нет","Лобашев Алексей Геннадьевич"]
[6,"Дербишин","Тимур","Александрович","м",10,10,80.66,null,null,100,null,"нет","Минеева Н.Г."]
[7,"Ахметшин","Данис","Айдарович","м",10,10,77.17,null,null,100,null,"нет","Пилипенко А.Н."]
[8,"Зайнуллин","Рамазан","Илнурович","м",10,10,76.86,null,null,100,null,"нет","Каримова Ф.Н."]
[9,"Маринин","Дмитрий","Олегович","м",10,10,76.25,null,null,100,null,"нет","Петров Евгений Николаевич"]
[10,"Галеев","Булат","Ренатович","м",10,10,71.54,null,null,100,null,"нет","Гильмутдинова Венера Миннигатовна"]
[11,"Матросов","Максим","Андреевич","м",10,10,69.21,null,null,100,null,"нет","Гаврилова Е.П."]
[12,"Хакимбоев","Руслан","Зарифович","м",10,10,64.95,null,null,100,null,"нет","Шубников Юрий Владимирович"]
[13,"Юлдашбаев","Руслан","Рахматиллович","м",10,10,62.51,null,null,100,null,"нет","Гаврилова Е.П."]
[14,"Назаров","Рафаэль","Ильдарович","м",10,10,60.16,null,null,100,null,"нет","Аглямов Радик Дамирович"]
[15,"Акрамов","Софроний","Шухратжонович","м",10,10,58.35,null,null,100,null,"нет","Шубников Юрий Владимирович"]
[16,"Джомиев","Билолиддин","Махмадолимович","м",10,10,57.49,null,null,100,null,"нет","Сахапов Ильшат Василевич"]
[17,"Кузнецов","Максим","Андреевич","м",10,10,56.28,null,null,100,null,"нет","Шарипов А.Ю"]
[18,"Шафигуллин","Ильдар","Айдарович","м",10,10,55.68,null,null,100,null,"нет","Пилипенко А.Н.СОШ №33 НМР РТ"]
[19,"Матросов","Роман","Сергеевич","м",10,10,35.19,null,null,100,null,"нет","Дубинкин Владислав витальевич"]
[20,"Евлентьев","Тимур","Романович","м",10,10,15.59,null,null,100,null,"нет","Дубинкин Владислав витальевич"]
[21,"Плаксин","Егор","Сергеевич","м",10,10,11.72,null,null,100,null,"нет","Гильмутдинова Венера Миннигатовна"]
[22,"Хозяинов","Данил","Русланович","м",10,10,9.38,null,null,100,null,"нет","Костина Надежда Петровна"]
[23,"Никоноров","Владимир","Анатольевич","м",10,10,6.25,null,null,100,null,"нет","Кузнецова К.М."]
[24,"Хамидуллин","Дамир","Ниязович","м",10,10,5.47,null,null,100,null,"нет","Зарипова Р. Т."]

{"sheet":"11 юноши","index":4,"n_rows":13,"n_cols":14,"rows_kept":13,"merged":[[0,0,0,13]]}
["Протокол по итогам муниципального этапа ВсОШ по предмету \"ФИЗИЧЕСКАЯ КУЛЬТУРА\" \nНижнекамского муниципального района в 2023-2024 учебном году"]
[]
["№","Фамилия","Имя","Отчество","Пол","Класс","Класс участия","Первичный балл","Добавлено по итогам апелляции","Итоговый балл","Макс. балл","Статус","Призер МЭ прошлого года","Учитель"]
[1,"Васильев","Денис","Сергеевич","м",11,11,94.04,null,null,100,null,"да ","Полячихина Ольга Викторовна"]
[2,"Нагуманов","Азат","Раилович","м",11,11,87.13,null,null,100,null,"да","Махъянова Гульнара Гильмулловна"]
[3,"Матросов","Данил","Алексеевич","м",11,11,79.53,null,null,100,null,"нет","Гайнуллина Светлана Рамилевна"]
[4,"Вахитов","Алмаз","Флоридович","м",11,11,70.62,null,null,100,null,"нет","Мачтакова Наталья Ивановна"]
[5,"Давлетшин","Динар","Маратович","м",11,11,69.87,null,null,100,null,"нет","Пилипенко А.Н."]
[6,"Рамазанов","Динар","Рамилевич","м",11,11,64.71,null,null,100,null,"нет","Шарипов А.Ю"]
[7,"Галёв","Георгий","Андреевич","м",11,11,53.81,null,null,100,null,"нет","Кизим Данил Николаевич"]
[8,"Окунев","Павел","Олегович","м",11,11,40.13,null,null,100,null,"нет","Петров Ринат Викторович"]
[9,"Ситдиков","Динар","Раилевич","м",11,11,36.68,null,null,100,null,"нет","Петров Ринат Викторович"]
[10,"Ганиев","Самат","Шамилевич","м",11,11,13.95,null,null,100,null,"нет","Дубинкин Владислав витальевич"]

{"sheet":"7 девушки","index":5,"n_rows":33,"n_cols":14,"rows_kept":33,"merged":[[0,0,0,13]]}
["Протокол по итогам муниципального этапа ВсОШ по предмету \"ФИЗИЧЕСКАЯ КУЛЬТУРА\" \nНижнекамского муниципального района в 2023-2024 учебном году"]
[]
["№","Фамилия","Имя","Отчество","Пол","Класс","Класс участия","Первичный балл","Добавлено по итогам апелляции","Итоговый балл","Макс. балл","Статус","Призер РЭ прошлого года","Учитель"]
[1,"Гатиятуллина","Равелия","Раушановна","ж",7,7,90.16,null,null,100,null,"нет","Булатов Ильдар Фаритович"]
[2,"Каржавкина","Эмилия","Ильнуровна","ж",7,7,87.68,null,null,100,null,"нет","Лобашев Алексей Геннадьевич"]
[3,"Ахмадиева","Амина","Алмазовна","ж",6,7,87.55,null,null,100,null,"нет","Махъянова Гульнара Гильмулловна"]
[4,"Мыльникова","Арина","Евгеньевна","ж",7,7,87.48,null,null,100,null,"нет","Волков Дмитрий Сергеевич"]
[5,"Куглеева","Ильвина","Алексеевна","ж",6,7,87.39,null,null,100,null,"нет","Волков Дмитрий Сергеевич"]
[6,"Шайхуллина","Самира","Радиковна","ж",6,7,84.19,null,null,100,null,"нет","Махъянова Гульнара Гильмулловна"]
[7,"Адиятова","Самира","Маратовна","ж",7,7,82.83,null,null,100,null,"нет","Гайнуллина Светлана Рамилевна"]
[8,"Малыгина","Злата","Вячеславовна","ж",7,7,80.47,null,null,100,null,"нет","Кадыров Айдар Ильдарович"]
[9,"Ганеева","Диана","Альбертовна","ж",7,7,78.59,null,null,100,null,"нет","Безух Сергей Анатольевич"]
[10,"Дмитриева","Камилла","Александровна","ж",7,7,76.59,null,null,100,null,"нет","Петров Евгений Николаевич"]
[11,"Шарафиева","Илана","Рамилевна","ж",7,7,75.27,null,null,100,null,"нет","Совкова А.В."]
[12,"Тараканова","Ксения","Семёновна","ж",7,7,73.09,null,null,100,null,"нет","Гайнуллина Светлана Рамилевна"]
[13,"Гималетдинова","Ляйсан","Айдаровна","ж",7,7,72.84,null,null,100,null,"нет","Харисов Р.Ф"]
[14,"Никитина","Софья","Андреевна","ж",7,7,71.57,null,null,100,null,"нет","Титова Ирина Ивановна"]
[15,"Загирова","Ралина","Маратовна","ж",7,7,71.5,null,null,100,null,"нет","Кизим Данил Николаевич"]
[16,"Майорова","Злата","Вячеславовна","ж",7,7,70.26,null,null,100,null,"нет","Садыкова Г.Х"]
[17,"Карамова","Ясмина","Айратовна","ж",6,7,70.04,null,null,100,null,"нет","Бекжанов Расул Тажиевич"]
[18,"Уразайкина","Яна","Николаевна","ж",6,7,69.17,null,null,100,null,"нет","Валеев Эльмир Альбертович"]
[19,"Саматова","Элина","Ильнаровна","ж",6,7,68.25,null,null,100,null,"нет","Садриев Булат Ринатович"]
[20,"Валишина","Камилла","Зуфаровна","ж",7,7,67.78,null,null,100,null,"нет","Совкова А.В."]
[21,"Шакирова","Самира","Рамилевна","ж",6,7,66.62,null,null,100,null,"нет","Зиннатов Р.М."]
[22,"Валиева","Малика","Айратовна","ж",7,7,64.72,null,null,100,null,"нет","Бекжанов Расул Тажиевич"]
[23,"Миронова","Арина","Андреевна","ж",7,7,61.9,null,null,100,null,"нет","Шубников Юрий Владимирович"]
[24,"Хайруллина","Алия","Ильнуровна","ж",7,7,56.36,null,null,100,null,"нет","Цаганова В.М."]
[25,"Васькова","Вера","Дмитриевна","ж",7,7,55.59,null,null,100,null,"нет","Фомина Вера Ивановна"]
[26,"Синдимирова","Дарина","Александровна","ж",6,7,50.89,null,null,100,null,"нет","Бутлеровская Эльвира Мансуровна"]
[27,"Гурьянова","Василиса","Ивановна","ж",6,7,48.07,null,null,100,null,"нет","Бутлеровская Эльвира Мансуровна"]
[28,"Шешлянникова","Дарья","Сергеевна","ж",6,7,47.95,null,null,100,null,"нет","Хаммадиева Айгуль Фанилевна"]
[29,"Сайделова","Лейсан","Искандаровна","ж",7,7,43.33,null,null,100,null,"нет","Петров Евгений Николаевич"]
[30,"Шакурова","Залина","Ленаровна","ж",5,7,39.45,null,null,100,null,"нет","Завалина Татьяна Ивановна"]

{"sheet":"8 девушки","index":6,"n_rows":26,"n_cols":14,"rows_kept":26,"merged":[[0,0,0,13]]}
["Протокол по итогам муниципального этапа ВсОШ по предмету \"ФИЗИЧЕСКАЯ КУЛЬТУРА\" \nНижнекамского муниципального района в 2023-2024 учебном году"]
[]
["№","Фамилия","Имя","Отчество","Пол","Класс","Класс участия","Первичный балл","Добавлено по итогам апелляции","Итоговый балл","Макс. балл","Статус","Призер РЭ прошлого года","Учитель"]
[1,"Габдрахманова  ","Азалия  ","Ильсуровна","ж",8,8,94.97,null,null,100,null,"нет","Булатов Ильдар Фаритович"]
[2,"Нуртдинова","Аделя","Радиковна","ж",8,8,87.28,null,null,100,null,"да","Полячихина Ольга Викторовна"]
[3,"Сулейманова","Эльвира","Галимзяновна","ж",8,8,87.08,null,null,100,null,"нет","Садриев Булат Ринатович"]
[4,"Ланочкина","Софья","Игоревна","ж",8,8,87.06,null,null,100,null,"нет","Каримова Ф.Н."]
[5,"Кикнадзе","Ландыш","Рустемовна","ж",8,8,85.57,null,null,100,null,"нет","Махъянова Гульнара Гильмулловна"]
[6,"Низамутдинова","Ралина","Айратовна","ж",8,8,83.09,null,null,100,null,"нет","Булатов Ильдар Фаритович"]
[7,"Сайфулина","Лия","Рустамовна","ж",8,8,82.59,null,null,100,null,"да","Полячихина Ольга Викторовна"]
[8,"Ганеева","Ляйля ","Линаровна","ж",8,8,80.56,null,null,100,null,"нет","Булатов Ильдар Фаритович"]
[9,"Заляева","Динара","Рамилевна","ж",8,8,79.47,null,null,100,null,"нет","Бурмистрова Юлия Михайловна"]
[10,"Моторина","Королина","Денисовна","ж",8,8,73.77,null,null,100,null,"нет","Зубарев Александр Петрович"]
[11,"Гайфуллина","Разиля","Ринатовна","ж",8,8,70.46,null,null,100,null,"нет","Садреева Лилия Мунировна"]
[12,"Ахметшина","Милана","Рамилевна","ж",8,8,70.26,null,null,100,null,"нет","Бурмистрова Юлия Михайловна"]
[13,"Усманова","Сюмбель","Джалиловна","ж",8,8,67.86,null,null,100,null,"нет","Хасаншин Ильдар Фанисович"]
[14,"Орлова","Виктория","Александровна","ж",8,8,65.1,null,null,100,null,"нет","Завалина Татьяна Ивановна"]
[15,"Ибрагимова","Амалия","Ильгамовна","ж",8,8,64.4,null,null,100,null,"нет","Нуретдинов Артур Ильдарович"]
[16,"Валеева","Самина","Рустамовна","ж",8,8,62.62,null,null,100,null,"нет","Кузнецова К.М."]
[17,"Калмыкова","Ильвина","Артемовна","ж",8,8,62.04,null,null,100,null,"нет","Завалина Татьяна Ивановна"]
[18,"Родионова","Таисия","Андреевна","ж",8,8,61.69,null,null,100,null,"нет","Тимофеева Индира Илдусовна"]
[19,"Саймухидинова","Шукрона","Саидумаровна","ж",8,8,60.75,null,null,100,null,"нет","Крайнова Анастасия Алексеевна"]
[20,"Тахаува","Самира","Ильдаровна","ж",8,8,56.66,null,null,100,null,"нет","Богданов А.В."]
[21,"Храмова","Мария","Сергеевна","ж",8,8,54.15,null,null,100,null,"нет","Кузнецова К.М."]
[22,"Хисмиева","Азалия","Азатовна","ж",8,8,41.6,null,null,100,null,"нет","Крайнова Анастасия Алексеевна"]
[23,"Давлетшина","Айсылу","Ильдаровна","ж",8,8,1.84,null,null,100,null,"нет","Гумерова Э.А."]

{"sheet":"9 девушки","index":7,"n_rows":29,"n_cols":14,"rows_kept":29,"merged":[[0,0,0,13]]}
["Протокол по итогам муниципального этапа ВсОШ по предмету \"ФИЗИЧЕСКАЯ КУЛЬТУРА\" \nНижнекамского муниципального района в 2023-2024 учебном году"]
[]
["№","Фамилия","Имя","Отчество","Пол","Класс","Класс участия","Первичный балл","Добавлено по итогам апелляции","Итоговый балл","Макс. балл","Статус","Призер РЭ прошлого года","Учитель"]
[1,"Шахиева","Ралина","Радиковна","ж",9,9,95.38,null,null,100,null,"нет","Булатов Ильдар Фаритович"]
[2,"Равилова","Амиля","Искандеровна","ж",9,9,90.01,null,null,100,null,"нет","Волков Дмитрий Сергеевич"]
[3,"Митягина","Анна","Николаевна","ж",8,9,89.03,null,null,100,null,"нет","Лобашев Алексей Геннадьевич"]
[4,"Муртазина","Алия","Алмазовна","ж",8,9,88.99,null,null,100,null,"нет","Полячихина Ольга Викторовна"]
[5,"Мифтахова","Дарина","Ильдаровна","ж",9,9,88.83,null,null,100,null,"нет","Булатов Ильдар Фаритович"]
[6,"Садриева","Ляйсан","Фаридовна","ж",8,9,85.69,null,null,100,null,"нет","Махъянова Гульнара Гильмулловна"]
[7,"Мухаметзянова","Аделя","Ильнаровна","ж",8,9,84.78,null,null,100,null,"нет","Булатов Ильдар Фаритович"]
[8,"Ахмадиева","Аделя","Руслановна","ж",9,9,82.65,null,null,100,null,"нет","Крайнова Анастасия Алексеевна"]
[9,"Проказова","Алина","Алексеевна","ж",9,9,81.33,null,null,100,null,"нет","Минеева Н.Г."]
[10,"Волкова","Дина","Вячеславовна","ж",9,9,80.52,null,null,100,null,"нет","Васильева Оксана Владимировна"]
[11,"Панфилова","Дарья","Андреевна","ж",9,9,79.95,null,null,100,null,"нет","Бурмистрова Юлия Михайловна"]
[12,"Алексеева","Альбина","Максимовна","ж",9,9,77.32,null,null,100,null,"нет","Бурмистрова Юлия Михайловна"]
[13,"Серова","Мария","Алексеевна","ж",9,9,70.83,null,null,100,null,"нет","Габдрахманова Ирина Афанасьевна"]
[14,"Гилязова","Вероника","Айдаровна","ж",9,9,70.76,null,null,100,null,"нет","Шаяхов Рустам Ринатович"]
[15,"Понькина","Арина","Игоревна","ж",9,9,65.93,null,null,100,null,"нет","Гаврилова Е.П."]
[16,"Кузнецова","Ариана","Константиновна","ж",9,9,62.78,null,null,100,null,"нет","Кузнецова К.М."]
[17,"Бикмохаметова","Карина","Минзагитовна","ж",9,9,62.43,null,null,100,null,"нет","Хасаншин Ильдар Фанисович"]
[18,"Камалова ","Алина","Айнуровна","ж",9,9,56.61,null,null,100,null,"нет","Васильева Оксана Владимировна"]
[19,"Бровко","Кира","Вадимовна","ж",9,9,56.5,null,null,100,null,"нет","Пилипенко А.Н."]
[20,"Ибрагимова","Дарина","Руслановна","ж",9,9,54.44,null,null,100,null,"нет","Зарипова Р. Т."]
[21,"Абрамова","Полина","Анатольена","ж",9,9,53.12,null,null,100,null,"нет","Кузнецова К.М."]
[22,"Еремеева","Ильвина","Леонидовна","ж",9,9,52.27,null,null,100,null,"нет","Завалина Татьяна Ивановна"]
[23,"Линева","Арина","Марселевна","ж",9,9,50.71,null,null,100,null,"нет","Зарипова Р. Т."]
[24,"Афанасьева","Лиана","Геннадьевна","ж",9,9,41.74,null,null,100,null,"нет","Сахапов Ильшат Василевич"]
[25,"Захарова","Вероника","Вячеславовна","ж",9,9,37.79,null,null,100,null,"нет","Марданшин Ильнур Мулланурович"]
[26,"Батюшева","Луиза","Андреевна","ж",9,9,19.01,null,null,100,null,"нет","Пилипенко А.Н."]

{"sheet":"10 девушки","index":8,"n_rows":16,"n_cols":14,"rows_kept":16,"merged":[[0,0,0,13]]}
["Протокол по итогам муниципального этапа ВсОШ по предмету \"ФИЗИЧЕСКАЯ КУЛЬТУРА\" \nНижнекамского муниципального района в 2023-2024 учебном году"]
[]
["№","Фамилия","Имя","Отчество","Пол","Класс","Класс участия","Первичный балл","Добавлено по итогам апелляции","Итоговый балл","Макс. балл","Статус","Призер РЭ прошлого года","Учитель"]
[1,"Закирова","Азалия","Рафисовна","ж",10,10,88.84,null,null,100,null,"да","Булатов Ильдар Фаритович"]
[2,"Зиннатова","Амира","Рустамовна","ж",10,10,86.86,null,null,100,null,"да","Махъянова Гульнара Гильмулловна"]
[3,"Абдуллина","Алсу","Анасовна","ж",10,10,85.19,null,null,100,null,"да","Булатов Ильдар Фаритович"]
[4,"Яковлева","Лиана","Алексеевна","ж",10,10,83.54,null,null,100,null,"нет","Лобашев Алексей Геннадьевич"]
[5,"Исаева","Анастасия","Родионовна","ж",10,10,81.91,null,null,100,null,"нет","Каримова Ф.Н."]
[6,"Гизятова","Аделя","Ренатовна","ж",10,10,80.1,null,null,100,null,"да","Полячихина Ольга Викторовна"]
[7,"Акарсу","Александра","Айтачевна","ж",10,10,77.4,null,null,100,null,"нет","Богданов А.В."]
[8,"Ежова","Екатерина","Дмитриевна","ж",10,10,75.81,null,null,100,null,"нет","Булатов Ильдар Фаритович"]
[9,"Кузнецова","Анастасия","Алексеевна","ж",10,10,74.28,null,null,100,null,"нет","Гильмутдинова Венера Миннигатовна"]
[10,"Гараева","Карина","Айдаровна","ж",10,10,70.4,null,null,100,null,"нет","Петров Евгений Николаевич"]
[11,"Мирзаянова","Камилла","Фаритовна","ж",10,10,68.29,null,null,100,null,"нет","Камалов Ильнар Наилевич"]
[12,"Мирзина","Самира","Рустемовна","ж",10,10,64.5,null,null,100,null,"нет","Богданов А.В."]
[13,"Салахова","Эльвина","Ильдаровна","ж",10,10,57.09,null,null,100,null,"нет","Бутянов Алексей Андреевич"]

{"sheet":"11 девушки","index":9,"n_rows":16,"n_cols":14,"rows_kept":16,"merged":[[0,0,0,13]]}
["Протокол по итогам муниципального этапа ВсОШ по предмету \"ФИЗИЧЕСКАЯ КУЛЬТУРА\" \nНижнекамского муниципального района в 2023-2024 учебном году"]
[]
["№","Фамилия","Имя","Отчество","Пол","Класс","Класс участия","Первичный балл","Добавлено по итогам апелляции","Итоговый балл","Макс. балл","Статус","Призер РЭ прошлого года","Учитель"]
[1,"Гайнутдинова","Диляра","Радиковна","ж",11,11,98.51,null,null,100,null,"да","Булатов Ильдар Фаритович"]
[2,"Хазипова","Аделя","Рустемовна","ж",11,11,89.14,null,null,100,null,"да","Булатов Ильдар Фаритович"]
[3,"Гилязова","Айсылу","Айратовна","ж",11,11,88.85,null,null,100,null,"да","Махъянова Гульнара Гильмулловна"]
[4,"Ахмадеева","Милана","Викторовна","ж",11,11,88.61,null,null,100,null,"да","Волков Дмитрий Сергеевич"]
[5,"Носова","Ева","Александровна","ж",11,11,81.64,null,null,100,null,"нет","Мачтакова Наталья Ивановна"]
[6,"Шапошникова","Карина","Васильевна","ж",11,11,80.84,null,null,100,null,"нет","Мачтакова Наталья Ивановна"]
[7,"Угольникова","Яна","Артемовна","ж",11,11,78.28,null,null,100,null,"нет","Мифтахова Нурия Муллануровна"]
[8,"Гафурова","Рената","Ришатовна","ж",11,11,77.2,null,null,100,null,"нет","Соколов Вячеслав Владимирович"]
[9,"Хайруллина","Ясмина","Ришатовна","ж",11,11,74.87,null,null,100,null,"нет","Мачтакова Наталья Ивановна"]
[10,"Васильева","Дарья","Викторовна","ж",11,11,60.36,null,null,100,null,"нет","Зиннурова Гузель Хазиннуровна"]
[11,"Степанова","Алена","Алексеевна","ж",11,11,58.89,null,null,100,null,"нет","Габдрахманова Ирина Афанасьевна"]
[12,"Галиуллина","Алина","Ильназовна","ж",11,11,53.36,null,null,100,null,"нет","Кулемина С.С"]
[13,"Тырышкина","Валерия","Евгеньевна","ж",11,11,47.81,null,null,100,null,"нет","Салахова Айгуль Рифгатовна"]